000 00694nas a2200253 4500
001 BR9203260
003 BR-BrBNA
005 20231205092623.0
007 ta
008 230509b bl.|||p| |||| 00| 00por d
040 _aBR-BrBNA
_bpor
_cBiblioteca Nacional de Agricultura
041 _a(Pt)
072 _aF70
100 1 _aLucas, A.P.
245 1 _aComo coletar as plantas para identificacao
650 _aPLANTA
650 _aTAXONOMIA VEGETAL
650 _aCOLHEITA
650 _aEMBALAGEM
650 _aPRATICO
773 0 _tManchete Rural (Brazil)
_xISSN 0102-8901
_g(Jun 1990), v. 4(39) p. 63-64
_wBR9203260
909 _a202311
_bLúcia
_c55
_dLúcia Elande
942 _2AGRIS
_n0
_cANA
999 _c132940
_d132940